000 01631ngm a2200373 a 4500
005 20220317001301.0
008 160825s1998 ck g 000 0 spa
082 0 4 _a791.4361
_bM14p
100 1 _aMejía, Silvia
245 1 3 _aEl presente de Colombia
_cdirección Silvia Mejía
_hvideograbación
250 _a1a. edición
300 _a1 videocasete en VHS (54 minutos)
_bsonido, color
_c20 cm
490 _aLa maleta
_pdocumentales Colombiano 1
500 _aLa película pertenece a la colección La Maleta. Dirigida para un público adulto
505 _aLeo Matiz, profeta de imágenes [videocasete] / dirección Paula Gaitán -- Viambulantes [videocasete] / dirección Alexander González
650 1 4 _2LEMB
_aCine documental colombiano
_vVideocasetes
650 1 4 _2LEMB
_aNiños
_vVideocasetes
_xCondiciones sociales
_zColombia
650 1 4 _2LEMB
_aJuventud
_vVideocasetes
_xActividad política
_zColombia
650 1 4 _2LEMB
_aVendedores ambulantes
_vVideocasetes
_xAspectos socioeconómicos
_zColombia
700 1 _aGaitán, Paula
_968690
700 1 _aGonzález, Alexander
_968691
700 1 _aMartínez, Esperanza
_968692
700 1 _aLuque, Mauricio
_968693
700 1 _aLaverde, Fernando
_968694
700 1 _aEslava, J. César
_968695
700 1 _aCastillo, John Fredy
_968696
740 _aLeo Matiz, profeta de imágenes [videocasete]
_aViambulantes [videocasete]
942 _2ddc
_cBK
264 _aBogotá
_bMinisterio de Cultura
_c1998
336 _atexto
_btxt
_2rdacontent
337 _asin mediación
_bn
_2rdamedia
338 _avolumen
_bnc
_2rdacarrier
040 _aCO-BoRNBP
_bspa
_erda
_cCO-BoRNBP
999 _c6487
_d6487